01769cam a22003855a 45000010009000000050017000090080041000260100017000670200030000840200027001140400059001410820019002002450114002192600055003333000034003885000025004225040032004475200216004795900010006956500045007056500048007506500030007986500034008286500032008626510010008946530025009046550024009297000033009537000037009868560083010239420008011069990017011149520126011319520126012571522773920201128024056.0080321t2009 paua frb 001 0 eng d a 2008013149 a9781599049847 (hardcover) a1599049848 (hardcover) aDLCcDLCdBAKERdBTCTAdYDXCPdC#PdDLCdEG-ScBUEbeng04a006.7222bMUL00aMultimedia transcoding in mobile and wireless networks /cAshraf M.A. Ahmad, Ismail Khalil Ibrahim [editors]. aHershey :bInformation Science Reference,cc.2009. axix, 439 p. :bill. ;c29 cm. aIndex : p. 435-439.  aBibliography : p. 389-427.  a"This book is designed to provide readers with relevant theoretical frameworks and latest technical and institutional solutions for transcoding multimedia in mobile and wireless networks"--Provided by publisher. aSAMEH 7aMultimedia communications.2BUEsh937797 7aMobile communication systems.2BUEsh912951 7aWireless Internet.2BUEsh 7aMobile computing.2BUEsh9835 7aCoding theory.2BUEsh92636 2BUEsh bCOMSCIcDecember2016 vReading book9342321 aAhmad, Ashraf M. A.eeditor.1 aIbrahim, Ismail Khalil.eeditor.413Table of contents onlyuhttp://www.loc.gov/catdir/toc/ecip0814/2008013149.html 2ddc c23624d23596 00102ddc40708BaccahaMAINbMAINcLOWd2016-12-19ePurchaseg2850.00l0o006.7 MULp000045249r2025-07-15 00:00:00yNB 00102ddc40708BaccahaMAINbMAINcLOWd2016-12-19ePurchaseg2850.00l0o006.7 MULp000045250r2025-07-15 00:00:00yBB